Serie A Top 10 Scorers from 2010-2020 - Statistics

General Stats
  • This quiz has been taken 711 times
  • The average score is 34 of 64
Answer Stats
Player % Correct
Ciro Immobile
96%
Cristiano Ronaldo
94%
Gonzalo Higuaín
94%
Antonio di Natale
89%
Zlatan Ibrahimovic
89%
Francesco Totti
87%
Romelu Lukaku
87%
Edin Džeko
86%
Edinson Cavani
84%
Fabio Quagliarella
84%
Paolo Dybala
83%
Dries Mertens
82%
Duván Zapata
81%
Mauro Icardi
81%
Diego Milito
79%
Domenico Berardi
79%
Lorenzo Insigne
79%
Andrea Belotti
75%
Luca Toni
74%
Carlos Tévez
70%
Samuel Eto'o
70%
Krzysztof Piatek
68%
Luis Muriel
66%
Alejandro Gómez
64%
Alexandre Pato
61%
Josip Iličić
60%
Josip Ilicic
60%
Robinho
58%
Alessandro Matri
53%
Arkadiusz Milik
50%
Carlos Bacca
49%
Francesco Caputo
48%
Francesco Caputo
48%
Giampaolo Pazzini
47%
José Callejón
47%
Miroslav Klose
43%
Rodrigo Palacio
43%
Stephan El Shaarawy
43%
João Pedro
42%
Fernando Llorente
41%
Marco Di Vaio
40%
Andrea Petagna
39%
Marco Borriello
39%
Alberto Gilardino
37%
Mohamed Salah
37%
Leonardo Pavoletti
36%
Giuseppe Rossi
35%
Fabrizio Miccoli
33%
Germán Denis
30%
Éder
29%
Manolo Gabbiadini
29%
Massimo Maccarone
29%
Mattia Destro
28%
Jérémy Ménez
26%
Pablo Osvaldo
26%
Stevan Jovetic
25%
Giovanni Simeone
23%
Sebastian Giovinco
23%
Nikola Kalinic
20%
Gonzalo Bergessio
18%
Iago Falque
17%
Keita
16%
Roberto Inglese
15%
Erik Lamela
12%
No matching quizzes found
Score Distribution
Percent of People with Each Score
Percentile by Number Answered
Your Score History
You have not taken this quiz